|
|
|
|
| LEADER |
00956nam a2200241 a 4500 |
| 001 |
3111011 |
| 008 |
090709s1957 nyua b 000 0 eng d |
| 010 |
|
|
|a 57005286
|
| 040 |
|
|
|a DLC
|c DLC
|d DLC
|
| 082 |
0 |
0 |
|a 801
|2 15
|
| 100 |
1 |
|
|a Wimsatt, William K.
|q (William Kurtz),
|d 1907-1975.
|
| 245 |
1 |
0 |
|a Literary criticism;
|b a short history
|c [by] William K. Wimsatt, Jr. & Cleanth Brooks.
|
| 250 |
|
|
|a [1st ed.]
|
| 260 |
|
|
|a New York,
|b Knopf,
|c 1957.
|
| 300 |
|
|
|a 755 p.
|b illus.
|c 24 cm.
|
| 504 |
|
|
|a Includes Index and bibliographies.
|
| 541 |
1 |
|
|e 00008537
|
| 650 |
|
0 |
|a Criticism
|x History.
|
| 650 |
|
0 |
|a Literature
|x History and criticism.
|
| 700 |
1 |
|
|a Brooks, Cleanth,
|d 1906-1994,
|e joint author.
|
| 852 |
4 |
|
|a Ayesha Abed Library
|j General Shelf.
|
| 999 |
|
|
|c 2378
|d 2378
|
| 952 |
|
|
|0 0
|1 0
|2 ddc
|4 0
|6 801_WIM
|7 0
|9 2199
|a BRACUL
|b BRACUL
|c GEN
|d 2009-07-14
|g 0.00
|l 1
|m 6
|o 801 WIM
|p 3010008537
|r 2025-04-26
|s 2025-03-08
|t 1
|w 2009-07-14
|y BK
|x No price found in the accession register.
|